Object-oriented concepts, databases and applications /
Guardado en:
| Otros Autores: | , |
|---|---|
| Formato: | Libro |
| Idioma: | English |
| Publicado: |
New York, N.Y. : Reading, Mass. :
ACM Press ; Addison-Wesley,
c1989.
|
| Series: | ACM Press frontier series
|
| Materias: | |
| Etiquetas: |
Agregar Etiqueta
Sin Etiquetas, Sea el primero en etiquetar este registro!
|
| LEADER | 00864cam a2200241 a 4500 | ||
|---|---|---|---|
| 001 | DCC.dcic000445 | ||
| 008 | 880929s1989####maua#####b####001#0#eng## | ||
| 005 | 20151124153019.0 | ||
| 245 | 0 | 0 | |a Object-oriented concepts, databases and applications / |c [edited] by Won Kim and Frederick H. Lochovsky. |
| 260 | |a New York, N.Y. : |b ACM Press ; |a Reading, Mass. : |b Addison-Wesley, |c c1989. | ||
| 300 | |a xv, 602 p. : |b il. ; |c 25 cm. | ||
| 440 | 0 | |a ACM Press frontier series | |
| 504 | |a Includes bibliographies e índice. | ||
| 020 | |a 0201144107 (Addision-Wesley) | ||
| 700 | 1 | |a Kim, Won, |d 1948- | |
| 700 | 1 | |a Lochovsky, Frederick H. | |
| 082 | 0 | 0 | |a 005.74 |2 19 |
| 650 | 0 | |a Object-oriented programming (Computer science) | |
| 650 | 0 | |a Database management. | |
| 010 | |a 88031839 | ||
| 040 | |a DLC |c DLC |d DLC | ||
| 050 | 0 | 0 | |a QA76.6 |b .O24 1989 |
| 859 | |a DCIC |b BIB. COMPUTACION |p 1140 | ||
